LEADER 01439cam0-22003251i-450- 001 990004937920403321 005 20140310130342.0 035 $a000493792 035 $aFED01000493792 035 $a(Aleph)000493792FED01 035 $a000493792 100 $a19990604d1822----km-y0itay50------ba 101 0 $aita 102 $aIT 140 $aa-------------------bb0----- 200 1 $a<>torto e 'l diritto del non si può dato in giudicio sopra molte regole della lingua italiana esaminato da Ferrante Longobardi cioè dal P.D.B. colle osservazioni del sig. Nicolo Amenta e con altre annotazioni dell'Ab. sig. D. Giuseppe Cito ... Vol. I. [-II.] 210 $aBrescia$cpresso Moro e Falsina$d1822$e[Brescia]$gtipografia Bettoni 215 $a2 v. (XL, 587, [1]; 456 p.)$d18 cm 676 $a858$v22$zita 700 1$aBartoli,$bDaniello$f<1608-1685>$068996 702 1$aAmenta,$bNicolo 702 1$aCito,$bD. Giuseppe 801 0$aIT$bUNINA$gRICA$2UNIMARC 901 $aAQ 912 $a990004937920403321 952 $aSG 850/A 39 (1)$bFil. Mod. 14740$fFLFBC 952 $aSG 850/A 39 (2)$bFil. Mod. 14740$fFLFBC 959 $aFLFBC 996 $aTorto e 'l diritto del non si può dato in giudicio sopra molte regole della lingua italiana esaminato da Ferrante Longobardi cioè dal P.D.B. colle osservazioni del sig. Nicolo Amenta e con altre annotazioni dell'Ab. sig. D. Giuseppe Cito ... Vol. I.$9523935 997 $aUNINA LEADER 01047nam--2200325---450- 001 990006044330203316 005 20150529140424.0 035 $a000604433 035 $aUSA01000604433 035 $a(ALEPH)000604433USA01 035 $a000604433 100 $a20150529d1972----km-y0itay50------ba 101 $aita 102 $aIT 105 $a||||||||001yy 200 1 $aDomus Montis Cenisii$elo sviluppo di un ente ospedaliero in una competizione di poteri$fGiuseppe Sergi 210 $aTorino$cDeputazione Subalpina di Storia Patria$d1972 215 $a56 p.$d24 cm 300 $aGià pubblicato in: Bollettino Storico-Bibliografico Subalpino, 70 (1972) 606 0 $aOspizio del Moncenisio$zSec. 9.-13.$xStoria$2BNCF 676 $a362.1109 700 1$aSERGI,$bGiuseppe$075546 801 0$aIT$bsalbc$gISBD 912 $a990006044330203316 951 $aFC.OE. 400$b469 FCil$cFC.OE.$d376650 959 $aBK 969 $aFCIL 979 $aGENEROSO$b90$c20150529$lUSA01$h1404 996 $aDomus Montis Cenisii$91076358 997 $aUNISA